[Event "Challenge"]
[Site "http://www.queenalice.com/game.php?id=1101875"]
[Date "2012.9.11"]
[Round "-"]
[White "JBLOKO"]
[Black "Clarence"]
[Result "0-1"]
[WhiteElo "1730"]
[BlackElo "1700"]

1. e4 e5 2. Nc3 Nf6 3. d4 Bb4 4. Nf3 exd4 5. Qxd4 Nc6 6. Qc4 d6 7. Ng5 O-O 8. a3
Bxc3+ 9. Qxc3 Re8 10. Be2 Nxe4 11. Nxe4 Rxe4 12. Qf3 Qe7 13. Be3 Nd4 14. Bxd4
Bg4 15. Qd3 Bxe2 16. f3 Bxd3+ 17. Kf2 Re2+ 18. Kg3 Bf5 19. h4 c5 20. Bc3 d5 21.
Kh2 Qxh4+ 22. Kg1 Qf2+ 0-1

[Event "OS INCLIVEIS"]
[Site "http://www.queenalice.com/game.php?id=1102446"]
[Date "2012.9.13"]
[Round "-"]
[White "JBLOKO"]
[Black "adelio"]
[Result "0-1"]
[WhiteElo "1685"]
[BlackElo "1658"]

1. e4 e5 2. Nc3 c5 3. Bc4 Ne7 4. Qh5 Ng6 5. Nf3 Nc6 6. Ng5 d5 7. Nxd5 Be6 8.
Nxe6 fxe6 9. Ne3 Qd7 10. O-O O-O-O 11. c3 Nf4 12. Qf3 h5 13. g3 Nh3+ 14. Kh1 Be7
15. Qg2 Ng5 16. f4 exf4 17. gxf4 Nxe4 18. Qxe4 Rh6 19. Rg1 Bd6 20. d4 Re8 21.
Ng2 h4 22. h3 e5 23. fxe5 Qxh3# 0-1

[Event "AUTO-ADV-2692"]
[Site "http://www.queenalice.com/game.php?id=1127527"]
[Date "2012.12.1"]
[Round "1"]
[White "Gatsby57"]
[Black "JBLOKO"]
[Result "1-0"]
[WhiteElo "1950"]
[BlackElo "1708"]

1. e4 e5 2. Nf3 Nc6 3. a3 Nf6 4. Bc4 d5 5. Ba2 Nxe4 6. d3 Nf6 7. O-O h5 8. Bg5
b6 9. Re1 Be7 10. Nxe5 Nxe5 11. Rxe5 Be6 12. Bxf6 gxf6 13. Rxh5 Rxh5 14. Qxh5
Kd7 15. Nc3 c6 16. b4 b5 17. Ne2 Qg8 18. Ng3 Qh8 19. Qf3 f5 20. Nxf5 Qf6 21.
Nxe7 Kxe7 22. Qxf6+ Kxf6 23. Re1 Re8 24. c4 dxc4 25. dxc4 Re7 26. h4 bxc4 27.
Rc1 c3 28. Bxe6 Rxe6 29. Rxc3 Kf5 30. g3 Kg4 31. Kg2 f5 32. f3+ Kh5 33. Rc5 Kg6
34. Kf2 Kf6 35. Ra5 Re7 36. Ra6 1-0

[Event "AUTO-ADV-2692"]
[Site "http://www.queenalice.com/game.php?id=1127528"]
[Date "2012.12.1"]
[Round "1"]
[White "JBLOKO"]
[Black "Gatsby57"]
[Result "0-1"]
[WhiteElo "1754"]
[BlackElo "1958"]

1. e4 b6 2. Nc3 Bb7 3. d3 e6 4. Nf3 Nf6 5. e5 Nd5 6. Bg5 Be7 7. Bxe7 Qxe7 8. d4
f6 9. Bc4 Nxc3 10. bxc3 fxe5 11. dxe5 O-O 12. O-O Bxf3 13. gxf3 Qg5+ 14. Kh1
Qxe5 15. Qd3 d5 16. Bb3 c6 17. Rae1 Qf6 18. c4 Nd7 19. cxd5 exd5 20. c4 Kh8 21.
cxd5 Nc5 22. Qd2 Qxf3+ 23. Kg1 Nxb3 24. axb3 Rf5 25. Re3 Rg5# 0-1

[Event "AUTO-ADV-2692"]
[Site "http://www.queenalice.com/game.php?id=1127541"]
[Date "2012.12.1"]
[Round "1"]
[White "JBLOKO"]
[Black "bdpq"]
[Result "1-0"]
[WhiteElo "1746"]
[BlackElo "1550"]

1. e4 d5 2. e5 Nc6 3. d4 Bf5 4. a3 e6 5. Nf3 Bg4 6. h3 Bxf3 7. Qxf3 Nxd4 8. Qc3
Nf5 9. g4 d4 10. Qc4 Qd5 11. Qxd5 c6 12. Qc4 Nfe7 13. Qxd4 Ng6 14. Nc3 b6 15.
Bg2 N8e7 16. O-O Nh4 17. Rd1 Nxg2 18. Qd7# 1-0

[Event "AUTO-ADV-2692"]
[Site "http://www.queenalice.com/game.php?id=1127542"]
[Date "2012.12.1"]
[Round "1"]
[White "bdpq"]
[Black "JBLOKO"]
[Result "1-0"]
[WhiteElo "1619"]
[BlackElo "1688"]

1. b4 e6 2. Ba3 Bd6 3. c4 Qf6 4. Nc3 Be5 5. Bb2 Qf4 6. e3 Qh4 7. Nf3 Qh5 8. Be2
Qf5 9. Nxe5 Qxe5 10. d4 Qf6 11. O-O b6 12. d5 d6 13. Qc1 Qg6 14. dxe6 Bxe6 15.
Rd1 Bh3 16. g3 Nf6 17. Bf1 Bg4 18. Ne2 Ne4 19. Rd4 Nc6 20. Rd5 Nxb4 21. Nf4 Qh6
22. Rd4 Nxf2 23. Ba3 c5 24. Rd2 Ne4 25. Rg2 g5 26. Bxb4 cxb4 27. Qb1 Bf3 28. Rc2
gxf4 29. exf4 Rg8 30. Bg2 Bxg2 31. Rxg2 Qf6 32. Qxe4+ Kd7 33. Qb7+ Ke6 34. Re1+
Kf5 35. Rge2 Qd4+ 36. Kf1 Kg4 37. Kg2 Qxc4 38. Qf3+ Kf5 39. Qh5+ Kf6 40. Qh6+
Rg6 41. Qxh7 Qd5+ 42. Re4 Qd2+ 43. R4e2 Qd5+ 44. Kg1 Qf3 45. Qh4+ Kg7 46. Rf2
Qd5 47. f5 Rh8 48. Qxb4 Rg5 49. f6+ Kg6 50. Rd2 Rxg3+ 51. hxg3 Qh1+ 52. Kf2 Rh2+
53. Ke3 Qxe1+ 54. Kf3 Rxd2 55. Qg4+ Kxf6 56. Qh4+ Kg7 57. Qg4+ Kf8 58. Qc8+ Kg7
59. Qg4+ Kf6 60. Qh4+ Ke6 61. Qc4+ Ke7 62. Qc7+ Ke6 63. Qc8+ Ke5 64. Qe8+ Kd5
65. Qxe1 Rxa2 66. Qe8 Ra3+ 67. Kf4 a5 68. Qb5+ Ke6 69. Qxb6 a4 70. Qb2 Rd3 71.
Qe2+ 1-0

[Event "AUTO-ADV-2692"]
[Site "http://www.queenalice.com/game.php?id=1127543"]
[Date "2012.12.1"]
[Round "1"]
[White "JBLOKO"]
[Black "vindaloo"]
[Result "0-1"]
[WhiteElo "1702"]
[BlackElo "1773"]

1. e4 c5 2. Bc4 e6 3. Nf3 d5 4. Bb5+ Nc6 5. exd5 exd5 6. Qe2+ Be7 7. d3 Nf6 8.
Ne5 Bd7 9. Nxd7 Qxd7 10. Qd1 O-O 11. Nc3 a6 12. Ba4 b5 13. Bb3 c4 14. dxc4 dxc4
15. Qxd7 Nxd7 16. Bxc4 bxc4 17. O-O Nf6 18. g3 Rad8 19. Ne2 Nd4 20. Nxd4 Rxd4
21. Be3 Rd5 22. a4 Ng4 23. Bf4 Bf6 24. c3 g5 25. Bc7 h5 26. Kg2 Ne5 27. Rad1 Nd3
28. Rd2 Ne1+ 29. Rxe1 Rxd2 30. Re4 Rxb2 31. Rxc4 Rc8 32. Rc6 Kg7 33. c4 Ra8 34.
a5 Bd4 35. Kh3 Rxf2 36. Rd6 Bf6 37. g4 h4 38. Rd3 Rc8 39. Bb6 Rc2 0-1

[Event "AUTO-ADV-2692"]
[Site "http://www.queenalice.com/game.php?id=1127544"]
[Date "2012.12.1"]
[Round "1"]
[White "vindaloo"]
[Black "JBLOKO"]
[Result "1-0"]
[WhiteElo "1889"]
[BlackElo "1723"]

1. e4 e5 2. Nf3 Nc6 3. Bc4 Nf6 4. d3 h6 5. c3 d5 6. exd5 Nxd5 7. Qe2 Be7 8. Nxe5
O-O 9. O-O Nf6 10. Nxc6 bxc6 11. b4 Bg4 12. f3 Bf5 13. Be3 Qd7 14. Re1 Bd6 15.
Nd2 Rae8 16. Qf1 Nd5 17. Bd4 Rxe1 18. Rxe1 Nf4 19. Ne4 Kh7 20. Nxd6 cxd6 21. Be3
g5 22. Bxf4 gxf4 23. Bb3 Rg8 24. Kh1 d5 25. d4 Rg7 26. a4 Qd8 27. Re5 Qf6 28.
Qe2 Rg3 29. Qf2 Rg5 30. Qd2 Rg3 31. Qxf4 Rg5 32. b5 Kg6 33. bxc6 Qxc6 34. Qe3 f6
35. Rxd5 a6 36. Rc5 Qb7 37. c4 Be6 38. d5 Re5 39. Bc2+ Bf5 40. Bxf5+ Rxf5 41.
Qd3 Kg5 42. g4 Re5 43. Qf1 Kg6 44. h4 h5 45. Rc6 a5 46. Qg1 Qd7 47. Kh2 Kf7 48.
gxh5 Rxh5 49. Kg3 Rh6 50. Qd4 Rg6+ 51. Kh2 Qf5 52. Rc7+ Ke8 53. Qe4+ Qxe4 54.
fxe4 Rg4 55. h5 Rh4+ 56. Kg3 Rxh5 57. d6 Re5 58. Kf4 Kd8 59. c5 Re6 60. Kf5 Re5+
61. Kxf6 Rxe4 62. c6 Rxa4 63. Ra7 Ra1 64. Ra8# 1-0

[Event "AUTO-INT-2395"]
[Site "http://www.queenalice.com/game.php?id=1130970"]
[Date "2012.12.13"]
[Round "2"]
[White "JBLOKO"]
[Black "J_Ricardo"]
[Result "0-1"]
[WhiteElo "1714"]
[BlackElo "1458"]

1. e4 e5 2. Nc3 d6 3. Bb5+ c6 4. Bc4 d5 5. exd5 cxd5 6. Nxd5 Be6 7. Qf3 Nd7 8.
Nh3 h6 9. O-O Be7 10. d4 exd4 11. Nhf4 Ngf6 12. Nxe6 fxe6 13. Nxe7 Qxe7 14. c3
Ne5 15. Bb5+ Kf7 16. Qe2 Rhd8 17. cxd4 Rxd4 18. Be3 Re4 19. f4 Neg4 20. Rf3 Nd5
21. h3 Ngxe3 22. Qd3 Qb4 23. Qb3 Qd2 24. Rf2 Qd4 25. Qd3 Nb4 26. Qxd4 Rxd4 27.
a3 Nbc2 28. Rc1 Rc8 29. Kh2 a6 30. Ba4 Rxa4 31. Kg3 Nf5+ 32. Kg4 g6 33. Rcxc2
Ne3+ 34. Kf3 Rxc2 35. Kxe3 Rcc4 36. Kd3 Rd4+ 37. Kc3 Rac4+ 38. Kb3 b5 39. Rc2
Rd3+ 40. Ka2 Rxc2 0-1

[Event "AUTO-INT-2395"]
[Site "http://www.queenalice.com/game.php?id=1130971"]
[Date "2012.12.13"]
[Round "2"]
[White "J_Ricardo"]
[Black "JBLOKO"]
[Result "0-1"]
[WhiteElo "1486"]
[BlackElo "1704"]

1. e4 e5 2. b3 Nc6 3. Bb2 Qh4 4. d3 Bc5 5. g3 Qf6 6. Nf3 d6 7. Bg2 Nge7 8. Nbd2
b5 9. c3 d5 10. exd5 Nxd5 11. Ne4 Qe7 12. b4 Bb6 13. d4 exd4 14. Nxd4 Nxd4 15.
cxd4 f5 16. Qd3 c6 17. O-O Nxb4 18. Qe2 fxe4 19. Qh5+ g6 20. Qh6 Rf8 21. Rfe1
Bf5 22. f3 Nd3 23. Red1 Nxb2 24. Re1 Nd3 25. Re2 Bxd4+ 26. Kf1 Bxa1 27. fxe4
Bg4+ 28. Rf2 Rxf2+ 29. Kg1 Bd4 30. h3 Rxa2+ 31. Kh2 Be6 32. g4 Ne1 33. Kg3 Rxg2+
34. Kf4 Qf6# 0-1

[Event "Challenge"]
[Site "http://www.queenalice.com/game.php?id=1165182"]
[Date "2013.3.27"]
[Round "-"]
[White "cyrillt"]
[Black "JBLOKO"]
[Result "0-1"]
[WhiteElo "1582"]
[BlackElo "1669"]

1. e4 e5 2. Nf3 Nc6 3. Nc3 Nf6 4. d4 Bd6 5. Be3 Ng4 6. Bc4 Nxe3 7. fxe3 Qf6 8.
O-O O-O 9. Nxe5 Qe7 10. Nd5 Qe8 11. Nc3 Nxe5 12. dxe5 Bxe5 13. Nd5 c6 14. Nf4 b5
15. Bb3 Bxb2 16. Rb1 Bf6 17. Qg4 Qxe4 18. Rf3 d5 0-1

[Event "AUTO-INT-2676"]
[Site "http://www.queenalice.com/game.php?id=1198233"]
[Date "2013.7.9"]
[Round "1"]
[White "TorresR"]
[Black "JBLOKO"]
[Result "1-0"]
[WhiteElo "1752"]
[BlackElo "1660"]

1. e4 e5 2. d4 Bd6 3. d5 Bc5 4. Nf3 f6 5. c3 Nh6 6. b4 Bd6 7. Be2 f5 8. Bxh6
gxh6 9. O-O h5 10. Nbd2 Qf6 11. Qc2 h4 12. exf5 Rg8 13. Ne4 Qg7 14. Nxh4 Be7 15.
f6 Bxf6 16. Bh5+ Kd8 17. Nxf6 Qxf6 18. Qe4 d6 19. c4 Bh3 20. f3 Qg5 21. Bg4 Bxg4
22. Qxg4 Qxg4 23. fxg4 Rxg4 24. Rf8+ Ke7 25. Raf1 Rg7 26. Rh8 c6 27. Nf5+ 1-0

[Event "AUTO-INT-2676"]
[Site "http://www.queenalice.com/game.php?id=1198234"]
[Date "2013.7.9"]
[Round "1"]
[White "JBLOKO"]
[Black "TorresR"]
[Result "0-1"]
[WhiteElo "1673"]
[BlackElo "1739"]

1. e4 e5 2. Nc3 Nf6 3. Nf3 d5 4. Nxe5 d4 5. Nb1 Qe7 6. f4 Nc6 7. Qe2 Nxe5 8.
fxe5 Qxe5 9. d3 Qa5+ 10. Bd2 Bb4 11. c3 Bg4 12. Qf2 dxc3 13. bxc3 Bd6 14. h3 Qh5
15. Be2 Bxe2 16. Qxe2 Bg3+ 17. Kd1 Qxe2+ 18. Kxe2 O-O-O 19. Na3 Rhe8 20. Kd1
Rxd3 21. Kc2 Red8 22. Nc4 b5 23. Kb3 bxc4+ 24. Kxc4 Rxd2 25. Rad1 Rxd1 26. Rxd1
Rxd1 0-1

[Event "AUTO-INT-2676"]
[Site "http://www.queenalice.com/game.php?id=1198247"]
[Date "2013.7.9"]
[Round "1"]
[White "NickThorp"]
[Black "JBLOKO"]
[Result "1-0"]
[WhiteElo "1669"]
[BlackElo "1648"]

1. e4 e5 2. Nf3 d6 3. h3 Nf6 4. Bb5+ c6 5. Ba4 Nxe4 6. Qe2 d5 7. d3 Nc5 8. Nc3
Nxa4 9. Nxa4 Nd7 10. O-O Bd6 11. Re1 b5 12. Nc3 Bb7 13. Bg5 f6 14. Bh4 g5 15.
Bg3 Qe7 16. d4 O-O-O 17. dxe5 fxe5 18. Rad1 h5 19. h4 g4 20. Ng5 Rhf8 21. a3 Nc5
22. b4 Ne6 23. Bxe5 Bxe5 24. Qxe5 Qf6 25. Qxe6+ Kb8 26. Qxf6 Rxf6 27. Re5 Kc7
28. a4 Kd6 29. Nge4+ Kxe5 30. Nxf6 Kxf6 31. g3 bxa4 32. Nxa4 d4 33. Nc5 1-0

[Event "AUTO-INT-2676"]
[Site "http://www.queenalice.com/game.php?id=1198248"]
[Date "2013.7.9"]
[Round "1"]
[White "JBLOKO"]
[Black "NickThorp"]
[Result "0-1"]
[WhiteElo "1633"]
[BlackElo "1684"]

1. e4 e5 2. Nc3 Bb4 3. Qh5 Nf6 4. Qxe5+ Be7 5. Nf3 O-O 6. Bc4 d6 7. Qg3 Nc6 8.
a3 a6 9. d4 b5 10. Bh6 Nh5 11. Ng5 Nxg3 12. Nxf7 Rxf7 13. Bxf7+ Kxf7 14. hxg3
gxh6 15. Rxh6 Kg7 16. Rh1 Nxd4 17. O-O-O Bg5+ 18. f4 Bf6 19. Kb1 Bg4 20. Rd3 c5
21. Re1 b4 22. axb4 cxb4 23. Na4 a5 24. e5 dxe5 25. fxe5 Bg5 26. Re4 Bf5 27.
Rexd4 Bxd3 28. Rxd8 Bxc2+ 29. Kxc2 Rxd8 30. Kb3 Rd3+ 31. Kc4 Rxg3 32. e6 Rxg2
0-1

[Event "AUTO-INT-2676"]
[Site "http://www.queenalice.com/game.php?id=1198257"]
[Date "2013.7.9"]
[Round "1"]
[White "JBLOKO"]
[Black "OvercoME"]
[Result "0-1"]
[WhiteElo "1677"]
[BlackElo "1978"]

1. e4 Nc6 2. Nc3 e5 3. Bc4 Nf6 4. Nf3 d6 5. h3 a6 6. Ng5 d5 7. exd5 Na5 8. Bd3
Nxd5 9. Qf3 Nf6 10. O-O Be7 11. Bf5 Nc6 12. Ne2 Bxf5 13. Qxf5 g6 14. Qf3 Qd7 15.
d3 h6 16. Ne4 Nxe4 17. dxe4 Bc5 18. Qf6 Rg8 19. Bxh6 Be7 20. Qf3 O-O-O 21. Nc3
g5 22. Qxf7 g4 23. Rad1 Nd4 24. Rd3 gxh3 25. Rxh3 Qxh3 0-1

[Event "AUTO-INT-2676"]
[Site "http://www.queenalice.com/game.php?id=1198258"]
[Date "2013.7.9"]
[Round "1"]
[White "OvercoME"]
[Black "JBLOKO"]
[Result "1-0"]
[WhiteElo "1968"]
[BlackElo "1682"]

1. d4 d5 2. Bg5 Nc6 3. f4 Bf5 4. c3 h6 5. Bh4 Qd6 6. e3 Nf6 7. Nf3 Ne4 8. Nbd2
Qe6 9. Be2 Bg4 10. Nxe4 Qxe4 11. Qd2 g5 12. fxg5 O-O-O 13. Bd3 Qe6 14. O-O-O Qd7
15. h3 Be6 16. Rhf1 f6 17. gxf6 exf6 18. Bxf6 Rg8 19. Bxd8 Nxd8 20. g4 Nc6 21.
e4 Na5 22. Ne5 Qa4 23. Qf2 Bd6 24. b4 Rf8 25. Qxf8+ 1-0